00837nam a2200229 a 450000100100000000500170001000800410002702000150006804000250008308200180010810000410012624500950016726000760026230000210033849000390035956300610039865000210045965000220048065000250050270000410052783000390056800004225320240226144327.0131120s1978 sp 000 p spa d a840180955X aDO-SdBNPbspacBNPHU a861.62bD542a1 aDíaz-Plaja, Guillermo, d1909-198410aAtlas lírico (1973-1977) :bseguido de conciencia del otoño /cGuillermo Díaz-Plaja. aBarcelona :bPlaza & Janés,bEsplugas de Llobregat, Barcelona,c1978. a234 p. ;c19 cm.1 aSelecciones de poesía española aDos obras encuadernadas juntas con paginación continua 4aPoesía europea 4aPoesía grécia 4aPoesía brasileña12aDíaz-Plaja, Guillermo, d1909-1984 0aSelecciones de poesía española